000 00525nam a2200193Ia 4500
003 OSt
005 20240404154546.0
008 210210b1975 xxu||||| |||| 00| 0 eng d
040 _cAL
041 _aKannada
082 _a709.54K SHIB
100 _aSHIVARAMA KARANTA (K).
_993234
_dಶಿವರಾಮ ಕಾರಂತ
245 _aBharateya shilpa.
_bಭಾರತೀಯ ಶಿಲ್ಪ
260 _abangalore
_bUniversity
_c1975
300 _aviii,147
690 _aThe Arts
_993235
906 _a040723
942 _2ddc
_cBK
999 _c90901
_d90901